00627nam a2200145 a 450000100100000000500170001000800410002704000250006808200140009311000540010724500460016126000530020730000200026050002010028000001429920240307073950.0091209s1988 dr 000 0 spa d aDO-SdBNPbspacBNPHU axxxbR4261 aRepública Dominicana.b Junta Central Electoral10aElecciones generales del 16 mayo de 1986. aSanto Domingo :bJunta Central Electoral,c1988. a79 p. ;c19 cm. aRelación general del resultado de las elecciones generales ordinarias del 16 de mayo de 1986 y determinación de los candidatos elegidos para los cargos nacionales, congresionales y municipales